Photocatalysis: Fundamentals, Materials and Potential

Uložené v:
Podrobná bibliografia
Médium: Kniha
Jazyk:English
Vydavateľské údaje: Basel MDPI AG 2016
Vydanie:1. vyd.
Edícia:Printed Edition of the Special Issue Published in Molecules
On-line prístup:View in OPAC
Tagy: Pridať tag
Žiadne tagy, Buďte prvý, kto otaguje tento záznam!

MARC

LEADER 00000nam a2200000 a 4500
005 20260127134039.0
008 160628 2016 000 0 eng d
020 |a 9783038421832  |q (viazané) 
035 |a vtls011563501 
039 9 |y 201606280942  |z mschk03 
040 |a STUSCHK1  |b slo  |c STUSCHK1  |e AACR2 
245 1 |a Photocatalysis: Fundamentals, Materials and Potential  |c Pierre Pichat, editor 
250 |a 1. vyd. 
260 |a Basel  |b MDPI AG  |c 2016 
300 |a 662 s.  |b il.  |c 25 cm 
490 0 |a Printed Edition of the Special Issue Published in Molecules 
910 |a SCHK95 
999 |c 2836  |d 2836